| 000 | 01016nam a22003617a 4500 | ||
|---|---|---|---|
| 001 | BR2012001668 | ||
| 003 | BR-BrBNA | ||
| 005 | 20230928103914.0 | ||
| 007 | ta | ||
| 008 | 230509b bl.||||| |||| 00| 0 por d | ||
| 040 |
_aBR-BrBNA _bpor _cBiblioteca Nacional de Agricultura |
||
| 041 | _a(Por) | ||
| 072 |
_aL10 _b5300 |
||
| 090 | _ 5300 BR2012001668 | ||
| 100 | 1 | _aMeincke, W. | |
| 100 | 1 | _aUpnmoor, I. | |
| 110 | 1 |
_aProvimi Nutrição Animal, São José dos Pinhais, PR (Brasil) _98105 |
|
| 245 | 1 | _aInseminação artificial em suínos: curso de atualização | |
| 260 | 3 |
_aSão José dos Pinhais, PR (Brasil): _c[nd]. |
|
| 300 | _a72 p. | ||
| 500 | _aPublished 1975?; 26 ref. | ||
| 650 | _aINSEMINAÇÃO ARTIFICIAL | ||
| 650 | _aSUÍNO | ||
| 650 | _aINSTALAÇÃO PARA ANIMAL | ||
| 650 | _aEQUIPAMENTO | ||
| 650 | _aINDUSTRIALIZAÇÃO | ||
| 650 | _aSEMEN | ||
| 650 | _aFÊMEA | ||
| 650 | _aVARRÃO | ||
| 650 | _aBIOSSEGURANÇA | ||
| 909 |
_a202309 _bLucia _c55 _dLucia Elande |
||
| 942 | _cBK | ||
| 999 |
_c77174 _d77174 |
||